[Event "Metz op 12th"]
[Site "Metz"]
[Date "1994.??.??"]
[Round "8"]
[White "Schwartzman, Gabriel"]
[Black "Galdunts, Sergey"]
[Result "1-0"]
[WhiteElo "2500"]
[BlackElo "2420"]
[Annotator "Schwartzman,G"]
[PlyCount "47"]
[EventDate "1994.04.??"]
[EventType "swiss"]
[EventRounds "9"]
[EventCountry "FRA"]
[SourceTitle "CBM 041"]
[Source "ChessBase"]
[SourceDate "1994.08.01"]
[SourceVersion "1"]
[SourceVersionDate "1994.08.01"]
[SourceQuality "1"]

1. c4 f5 2. Nf3 Nf6 3. g3 d6 4. d4 g6 5. Bg2 Bg7 6. O-O O-O 7. Nc3 Qe8 8. d5
Na6 9. Rb1 Bd7 10. b4 c5 11. dxc6 bxc6 12. b5 cxb5 13. cxb5 Nc5 14. a4 Nfe4 15.
Nxe4 Nxe4 16. Bb2 a6 $5 {This is an interesting novelty.Malaniuk played 16...B:
b2 instead.} 17. Nd2 (17. Bxg7 Kxg7 18. bxa6 Bxa4 19. Qd4+ e5 20. Rb7+ Kh8 $13)
17... d5 (17... Bxb2 18. Rxb2 Nc3 $2 19. Qb3+) (17... axb5 18. axb5 Bxb5 $2 (
18... Nxd2 19. Qxd2 Bxb5 $2 20. Bxg7 Kxg7 21. Qb2+ e5 22. Qxb5 $18) 19. Nxe4
fxe4 20. Qb3+ e6 21. Bxg7 $18) 18. Nf3 $1 {><e5} axb5 19. axb5 Bxb5 20. Qxd5+
$1 (20. Bxg7 Kxg7 21. Qxd5 Bxe2 22. Nd4 Bxf1 23. Ne6+ Kg8 $1 $13) 20... e6 21.
Qb3 Bxe2 $4 {My opponent completely overlooked the following variation} (21...
Ba4 22. Qe3 e5 23. Rfc1 $16) (21... Bc6 22. Bxg7 Kxg7 23. Qb2+ Kg8 24. Qe5 $16)
22. Bxg7 Bxf1 23. Bxf8 Bxg2 24. Bh6 $3 {[#]} (24. Bh6 Bxf3 (24... Nxg3 25. Kxg2
) 25. Qb7 $1 Qf8 26. Bxf8 Rxf8 27. Qb3 $18) 1-0

[Event "FIDE-Wch k.o."]
[Site "Moscow"]
[Date "2001.11.28"]
[Round "1.2"]
[White "Aseev, Konstantin N"]
[Black "Kobalia, Mihail"]
[Result "1/2-1/2"]
[WhiteElo "2591"]
[BlackElo "2603"]
[Annotator "Solozhenkin,E"]
[PlyCount "150"]
[EventDate "2001.11.27"]
[EventType "k.o."]
[EventRounds "7"]
[EventCountry "RUS"]
[SourceTitle "CBM 086"]
[Source "ChessBase"]
[SourceDate "2002.02.05"]
[SourceVersion "1"]
[SourceVersionDate "2002.02.05"]
[SourceQuality "1"]

1. d4 f5 2. c4 Nf6 3. Nc3 g6 4. g3 Bg7 5. Bg2 O-O 6. Nf3 d6 7. O-O Qe8 8. d5 a5
(8... Na6 9. Rb1 c6 10. dxc6 bxc6 11. b4 $14) (8... c6 9. Nd4 Bd7 10. Rb1 $14 {
,both lines are resembling.}) 9. Nd4 Na6 10. b3 Bd7 11. Bb2 g5 12. e3 Qg6 13.
f4 ({GM Andrei Kharitonov committed this move as a mistake in his annotations
to the game Mitenkov-Rychagov,1996. Andrei suggested} 13. Qe2 {as a plan
against Black's a5-a4-a3. For example,} Nc5 14. Rad1 (14. Rab1 $5) 14... a4 15.
b4 a3 16. Ba1 Na6 (16... Na4 17. Ncb5) 17. Rb1 {and a3-pawn is terribly weak})
13... h6 $146 ({Mitenkov-Rychagov:} 13... Nc5 14. Qe2 a4 15. Rab1 axb3 16. axb3
Ng4 17. h3 Nf6 18. Qc2 gxf4 19. gxf4 Kh8 $17 {(Kharitonov)}) (13... a4 $6 {
doesn't work:} 14. Nxa4 Bxa4 15. bxa4 Nc5 16. Qc2 Nfe4 17. g4) 14. Qc2 $5 Ng4 (
14... Nb4 15. Qd2) (14... g4 15. Rad1 {following by e3-e4}) 15. Qd2 ({Probably
White didn't play} 15. Rae1 {because of} gxf4 {and there is no} 16. exf4) 15...
Nc5 16. Rae1 Nf6 17. Qc2 Ng4 18. Ncb5 Rac8 19. h3 Nf6 20. g4 {Playing simply
White got a clear avantage and it often means that generally this line is not
enough solid for Black.} Nh7 21. fxg5 Qxg5 22. Nf3 Qg6 23. Nh4 Qg5 24. Nf3 Qg6
25. Nbd4 $1 Qf6 26. Nh2 Qh4 27. Nhf3 Qf6 28. gxf5 Bxf5 29. e4 Bd7 (29... Bg6
30. Nf5 Qxb2 31. Nxe7+ $18) 30. e5 $16 dxe5 31. Nxe5 Qd6 32. Nxd7 Qxd7 33. Qg6
Kh8 34. Nf5 $18 Bxb2 35. Rxe7 Qxe7 36. Nxe7 Rxf1+ 37. Bxf1 Rf8 38. Bg2 Bf6 39.
Nf5 Ne4 40. Bxe4 $6 ({Why not} 40. Qxh6 $18 {?}) 40... Rg8 41. Qxg8+ Kxg8 42.
Nxh6+ Kg7 43. Nf5+ Kf7 44. d6 c6 45. Nh6+ $6 (45. h4 $18) (45. Kg2 Ng5 46. Bc2
$18) 45... Kg7 46. Bxh7 (46. Nf5+) 46... Kxh6 47. Bf5 Kg5 48. Bc8 b6 49. Bb7 $2
(49. c5 Bd4+ (49... bxc5 50. Bb7 Kf4 51. Bxc6 Kg3 52. Kf1 {seems to be winning}
) 50. Kg2 Bxc5 51. d7 Be7 52. Kf3 {also looks like winning for White}) 49... c5
50. Bf3 Kf4 51. Kf2 Be5 52. d7 Bf6 53. Ke2 Bd8 54. Bd5 Bf6 55. Kd3 Bd8 56. Be6
Bf6 57. Bg4 Bd8 58. Kc2 Bf6 59. a3 Ke5 60. b4 axb4 61. axb4 cxb4 $1 (61... Be7
62. bxc5 bxc5 63. Kb3 Kd6 64. Ka4 Kc6 65. Ka5 Bd8+ 66. Ka6 Kc7 67. Kb5 Be7 $11
68. Bf5 Kb7 (68... Kd6 69. Kb6) 69. Be4+ Kc7 70. Bc6 Kd6 71. Kb6 Bd8+ 72. Kb7
Bf6 73. Bb5 $18) 62. Kb3 Be7 63. Ka4 Kd6 64. Kxb4 Kc6+ 65. Kc3 b5 $11 66. cxb5+
Kxb5 67. Kd4 Kc6 68. Ke5 Bd8 69. Ke6 Kc7 70. Bd1 Bh4 71. Ba4 Bd8 72. Bb5 Bh4
73. Kf5 Kd6 74. Kg4 Bd8 75. h4 Ke5 1/2-1/2

[Event "Interzonal-15"]
[Site "Manila"]
[Date "1990.??.??"]
[Round "3"]
[White "Nikolic, Predrag"]
[Black "Gurevich, Mikhail"]
[Result "1-0"]
[WhiteElo "2600"]
[BlackElo "2640"]
[Annotator "Stohl,I"]
[PlyCount "71"]
[EventDate "1990.06.29"]
[EventType "swiss"]
[EventRounds "13"]
[EventCountry "PHI"]
[SourceTitle "CBM 019"]
[Source "ChessBase"]
[SourceDate "1990.12.01"]
[SourceVersion "1"]
[SourceVersionDate "1990.12.01"]
[SourceQuality "1"]

1. d4 d6 2. Nf3 g6 3. g3 Bg7 4. c4 f5 5. Bg2 Nf6 6. O-O O-O 7. Nc3 Qe8 (7...
Na6 $5 {Vasjukov}) 8. d5 (8. Re1) (8. b3) (8. Nd5 $5) 8... Na6 (8... Bd7 $5 9.
Rb1 a5 {/\Sa6,c6}) 9. Rb1 $5 {/\b4} (9. Nd4) (9. Be3) 9... c5 (9... Bd7 10. b4
e5 $6 (10... c6) 11. dxe6 Bxe6 12. Nd4 Bxc4 13. Bxb7 $16 {׫}) 10. dxc6 bxc6
11. b4 Bd7 (11... Rb8 12. b5 Nc5 13. Nd4 cxb5 14. cxb5 $16 {><c6}) 12. a3 (12.
b5 Nc5 13. Nd4 Nfe4 14. Bb2 Nxc3 (14... cxb5 15. cxb5 Rb8 16. a4 e5 $13) 15.
Bxc3 Ne4 16. Ba1 cxb5 17. cxb5 e5 18. Nc2 Be6 $15) (12. Nd4 Nxb4 (12... e5 $2
13. Nc2 $16 {/\b5}) (12... Rc8 $5 13. Qa4 $2 Nxb4) 13. Rxb4 c5 14. Rb1 cxd4 15.
Bxa8 dxc3 16. Bf3 Ba4 $146) 12... Nc7 13. Bb2 $14 Kh8 $6 (13... Rd8 $5 14. b5 (
14. Nd4 e5 15. Nb3 Qe6 $13) (14. c5 $5) 14... Ne6 (14... cxb5 15. cxb5 Nxb5 $2
16. Nxb5 Bxb5 17. Bxf6 Bxf6 18. Qd5+ $18) 15. a4 Rb8 16. Ba3 $1 $14 {/\Qd3
Bareev} (16. Qc2 f4 $13 {Damljanovic-Bareev,Soci 1988})) (13... a5 14. b5 $1
cxb5 15. cxb5 Nxb5 16. Nxb5 Bxb5 17. Bxf6 Bxf6 18. Qd5+ $18) 14. c5 $1 dxc5 (
14... d5 15. Ne5 $16 (15. Ne5 $16 a5 16. b5 $1)) 15. bxc5 Ng4 {/\e5} (15... e5
$2 16. Qd6) (15... Nfd5 16. Nxd5 Nxd5 17. Bxg7+ Kxg7 18. Ne5 $36) 16. Na4 $1
Bxb2 (16... e5 17. h3 e4 (17... Nh6 18. Nxe5 $18) 18. Bxg7+ Kxg7 19. hxg4 exf3
20. Bxf3 (20. exf3 $16) 20... fxg4 21. Bxg4 Bxg4 22. Qd4+ $18) 17. Nxb2 $16 e5
(17... Be6 $5 {/\Ld5}) 18. h3 (18. Nc4 e4 19. Qd4+ Nf6 20. Nfe5 $16) 18... Nf6
(18... e4 19. hxg4 exf3 20. Bxf3 fxg4 21. Qd4+) 19. Qd6 Nb5 20. Qxe5 Nxa3 21.
Ra1 Nb5 (21... Qxe5 $2 22. Nxe5 Nc2 23. Rad1 $18) 22. Ra6 (22. Nc4 $5 {/\ Nd6+/
-}) 22... Be6 (22... Qc8 23. Rfa1 $16 {/\Nc4-d6}) 23. Nd3 (23. Nd4 Bd5 $1 24.
Nxc6 Bxc6 25. Qxe8 Raxe8 26. Bxc6 Rxe2 $10) 23... Bd5 24. Qa1 $1 {/\Nb4,Ne5><c6
} Rd8 (24... Qxe2 $2 25. Nf4 Qe7 $8 (25... Qc4 26. Rc1 $18) 26. Nxd5 (26. Re1
$6 Be4) (26. Nh4 Kg8 $1 $8 27. Bxd5+ Nxd5) 26... cxd5 27. Rb1 $1 Rab8 (27...
Nc7 28. Rb7 $18 {/\Raa7,Rc7,Rf6}) 28. Bf1 (28. Qa5 Nd4 $1 $16) 28... Nc7 29.
Rxb8 $18) 25. Nb4 Be4 (25... Qxe2 26. Nxd5 Rxd5 27. Rxc6) 26. e3 (26. Ne5 $6
Nd4) 26... Rc8 (26... Kg8 27. Ne5 $18) 27. Ne5 Bxg2 28. Kxg2 Qe7 29. Rc1 $18
Kg7 (29... Kg8 30. Qa2+ $1 Kg7 31. Nbxc6) 30. Nbxc6 Qe6 (30... Qb7 31. Rb1 {
/\ Ra7}) 31. Kg1 (31. Nxa7 Qd5+ 32. Kg1 Rxc5 33. Rxc5 Qxc5 34. Nd7 $18) 31...
f4 32. exf4 Nc7 (32... Qxh3 33. Nxa7 Nxa7 34. Rxa7+ Kh6 35. Nf7+) 33. Rxa7 Qxh3
34. Ne7 Kh6 (34... Ra8 35. Qa5 $18) 35. Nxc8 Ncd5 (35... Qxc8 36. Kg2) (35...
Rxc8 36. Nf7+ Kg7 37. Nd6 $18) 36. Qd4 1-0

[Event "EU-chT (Men) 12th"]
[Site "Batumi"]
[Date "1999.12.02"]
[Round "4.4"]
[White "Bistric, Faruk"]
[Black "Neiksans, Arturs"]
[Result "1/2-1/2"]
[WhiteElo "2466"]
[BlackElo "2378"]
[Annotator "Tsesarsky,I"]
[PlyCount "132"]
[EventDate "1999.11.06"]
[EventType "team-swiss"]
[EventRounds "9"]
[EventCountry "GEO"]
[SourceTitle "CBM 074"]
[Source "ChessBase"]
[SourceDate "2000.02.01"]
[SourceVersion "1"]
[SourceVersionDate "2000.02.01"]
[SourceQuality "1"]
[WhiteTeam "Bosnia&Herzegovina"]
[BlackTeam "Latvia"]
[WhiteTeamCountry "BIH"]
[BlackTeamCountry "LAT"]

{[%mdl 20512]} 1. c4 f5 2. g3 Nf6 3. Bg2 g6 4. Nf3 Bg7 5. O-O O-O 6. d4 d6 7.
b4 $5 c6 (7... e5 8. dxe5 dxe5 (8... Nfd7 9. Nc3 (9. Bg5 Qe8 10. Nc3 Nxe5 11.
Nxe5 Bxe5 12. Nd5 Rf7 $132) 9... Nxe5 10. Nxe5 Bxe5 (10... dxe5 11. Qxd8 Rxd8
12. Bg5 $16) 11. Bb2 Nc6 12. b5 Nd4 13. Qd2 Ne6 14. Rad1 Nc5 15. Na4 $1 $14 {
1-0 Vladimirov,E-Malaniuk,V/Tashkent 1987/Inf 43 (33)}) 9. Qb3 (9. Bb2 e4 10.
Nd4 Ng4 (10... Qe7 11. Qb3 Kh8 $11) 11. c5 Qd5 $11 {1/2-1/2 Soppe,G-Alonso,S/
Buenos Aires Najdorf ,EXT 1995 (30)}) (9. Nxe5 $2 Nfd7 10. Qd5+ Kh8 11. Bb2 (
11. f4 Nxe5 $17) 11... c6 $17) 9... e4 10. Ng5 h6 11. Rd1 Qe8 12. Nh3 g5 13. f4
g4 14. Nf2 Be6 $11 {1/2-1/2 Korchnoi,V-Spassky,B/St Petersburg RUS 1999 (24)})
(7... Qe8 8. Bb2 c6 (8... Nbd7 9. d5 Nb6 10. Nbd2 Bd7 11. Rc1 a5 12. a3 axb4
13. axb4 c6 14. dxc6 bxc6 15. e3 Kh8 $132 {0-1 Multhopp,H-De Fotis,G/Chicago ,
EXT 1990 (30)}) 9. Nbd2 Na6 10. Qb3 Nc7 11. a4 a6 12. Rac1 h6 13. d5 $14 {
0-1 Alieva,E-Tolstikh,N/Moscow Russian Winter 1991 (61)}) (7... Nbd7 8. Bb2 Ne4
9. Nc3 Nxc3 10. Bxc3 e5 11. dxe5 dxe5 12. Qd5+ Kh8 13. Nxe5 c6 14. Qd6 Nxe5 15.
Bxe5 Qxd6 16. Bxd6 Rd8 17. Bc7 Re8 (17... Rd7 18. Rad1 $16) 18. Rac1 Be6 19. a4
$16 {1-0 Atalik,S-Mossong,H/Saloniki olm (3.23) 1988 (45)}) (7... a5 8. b5 e5
9. dxe5 $14) 8. Bb2 (8. Qb3 h6 9. Bb2 Qe8 10. Nbd2 g5 11. d5 Na6 12. dxc6 bxc6
13. Nd4 Bd7 14. Qa4 Nc7 15. Bxc6 $16 {1-0 Gasser Klaus-Schatz,D/Schaan
Liechtenstein 1996 (42)}) 8... a5 9. a3 axb4 10. axb4 Rxa1 11. Bxa1 Ne4 (11...
h6 12. Nbd2 g5 13. d5 cxd5 14. cxd5 Na6 15. Qb3 Qb6 16. Bc3 Bd7 17. Nc4 Qc7 18.
Bd4 Ne4 19. Bb6 Qc8 20. Bd4 $14 {0-1 Alieva R-Semenova L/Simferopol'-Alushta
1992 (35)}) 12. Nbd2 Be6 13. d5 $5 (13. e3 b5 $11) (13. Qc2 Nxd2 14. Nxd2 d5
15. c5 f4 $132) 13... Bxa1 14. Nxe4 (14. dxe6 Bf6 15. Nxe4 fxe4 16. Nd4 d5 17.
cxd5 cxd5 18. Nc2 $11) 14... Bh8 (14... fxe4 15. Ng5 Bg4 16. Qxa1 e5 17. Nxe4
Bxe2 18. Rc1 $14) 15. Neg5 Bd7 (15... Bc8 16. Nd4 Bxd4 17. Qxd4 $14) 16. Nd4
Qb6 17. Nge6 (17. Nde6 Rc8 18. Qd2 Na6 19. Rb1 $11) 17... Rf7 $6 $14 {[%csl
Rf7]} (17... Rc8 $142 18. Qd2 Bxd4 (18... Na6 19. Nxf5 $1 $16) 19. Nxd4 Na6 20.
Qe3 Kf7 (20... Re8 21. dxc6 bxc6 22. Nxc6 Qxe3 23. fxe3 $16) 21. Nxf5 Qxe3 22.
Nxe3 Nxb4 $11) 18. Qd3 Na6 19. Rb1 Bxd4 20. Nxd4 Nxb4 $6 $16 (20... f4 21. dxc6
bxc6 22. b5 fxg3 23. hxg3 (23. bxc6 gxf2+ 24. Kf1) 23... cxb5 24. cxb5 Nc5 25.
Qe3 e6 (25... e5 26. Bd5 exd4 27. Qe7 Be6 28. Bxe6 Nxe6 29. Qxe6 d3 30. Qc8+
Rf8 31. Qc4+ d5 (31... Rf7 32. e3 $16) 32. Qxd5+ Kg7 33. e3 Rd8 34. Qc6 $16)
26. Rd1 $14) 21. dxc6 bxc6 22. Qd2 c5 (22... e5 23. Nc2 $16) 23. Bd5 $1 (23.
Nc2 Bc6 24. Bxc6 Qxc6 25. Nxb4 cxb4 26. Rxb4 $11) 23... Nxd5 $8 (23... Qa6 $2
24. Bxf7+ Kxf7 25. Qh6 Kg8 26. Nf3 $18 Qxc4 (26... Qa2 27. Ng5 Qxb1+ 28. Kg2
Bc6+ 29. Kh3 $18 (29. f3 Bxf3+ 30. Kh3 Bg2+ 31. Kxg2 $18)) 27. Ng5 $18) 24.
Rxb6 Nxb6 25. Nf3 Rf8 (25... Nxc4 26. Qd5 Bb5 27. Ng5 Ne5 28. Nxf7 (28. f4 Bc6
29. Qb3 h6 30. Nxf7 Nxf7 31. Qe6 $16) 28... Nxf7 29. Qb7 Bc4 (29... Bxe2 30.
Qb8+ Kg7 31. Qb2+ $18) 30. Qxe7 $16) 26. Qa5 Nc8 $16 (26... Nxc4 $2 27. Qc7 Bc8
28. Qxe7 Rf7 29. Qe8+ Rf8 30. Qc6 Be6 31. Ng5 $18) 27. Ng5 $1 (27. Qc7 Be6 {
[%csl Rc4]} 28. Nd2 $14) 27... h6 28. Qc7 hxg5 29. Qxd7 Kf7 30. Qc7 Kf6 31. h3
Ke5 32. e3 Ke4 33. Qb7+ Ke5 34. Kg2 Kf6 35. g4 $5 (35. Kf3 Rh8 36. Ke2 Ke6 37.
Kd3 {The plan of white is to enter K in Queen side.} Kf7 38. Kc3 Ke6 39. Kb3
Kf6 40. Ka4 Kf7 41. Kb5 Kf6 42. Kc6 Ke6 43. Kc7 Rf8 44. Qb2 Kf7 45. Kd7 Rg8 46.
e4 $1 {Creates in camp of black weaknesses} fxe4 (46... Rf8 47. e5 $16) 47. Qb7
Kf6 48. Qxe4 Nb6+ 49. Kc6 Nc8 50. Qf3+ Kg7 51. Kd7 $16 {[%csl Rc8,Rg5] It is
difficult to this plan something to oppose...}) 35... Rh8 36. Kg3 Rf8 37. f4 (
37. h4 $1 gxh4+ 38. Kxh4 Rh8+ 39. Kg3 g5 40. f3 (40. gxf5 Kxf5 $14) 40... fxg4
41. fxg4 Kf7 (41... Rf8 42. Qh1 $16 {[%csl Rg5]}) 42. Qd5+ e6 43. Qxg5 $16)
37... gxf4+ (37... Rh8 38. Qd5 {[%cal Gf4g5]} gxf4+ 39. exf4 Rd8 40. g5+ Kg7
41. Qe6 Rh8 42. h4 $22 Rf8 43. h5 $18) 38. exf4 fxg4 39. hxg4 Rg8 40. Kf3 (40.
g5+ Kf7 41. Kg4 (41. Qd5+ e6 42. Qb7+ Ne7 43. Qd7 Ra8 44. Kf2 d5 $11) 41... Kg7
42. Qd5 Rh8 43. Qe6 Rf8 44. Kf3 Rd8 45. Ke4 Rf8 46. Kd5 Rh8 47. Kc6 {Somewhere
we already saw it...} Rf8 48. f5 $1 gxf5 49. Qh6+ Kg8 (49... Kf7 50. g6+ Ke8
51. g7 Rg8 52. Qg6+ $18) 50. g6 $18) 40... Rf8 41. Ke4 Rd8 42. Kd5 Rf8 43. Qb2+
Kf7 44. Kc6 Rd8 45. Kc7 Rf8 46. Kd7 Re8 47. Qb7 e5 $6 {Loses, but differently
black the sluggish loss waits...} 48. Qe4 $2 (48. Qd5+ $1 Kf8 49. Qe4 $1 $18)
48... Nb6+ 49. Kxd6 Re6+ {In previous variation this check was impossible} 50.
Kxc5 Nd7+ 51. Kb5 Nf6 52. Qf3 e4 53. Qe2 (53. Qg3 e3 54. f5 Re7 55. fxg6+ Kxg6
56. g5 Ne4 $44) 53... e3 54. f5 $2 $11 (54. g5 $1 Ne4 (54... Nh5 55. f5 Re5+
56. c5 Nf4 (56... Rxf5 57. Qxe3 $18) 57. Qc4+ Nd5 58. Qh4 Rxf5 (58... e2 59.
Qh7+ Kf8 60. Qh8+ $18) 59. Qh7+ Ke6 60. Qxg6+ Ke5 61. Qh5 Nf4 62. Qf3 e2 63.
Qe3+ Kd5 64. g6 Nxg6 (64... Re5 65. Qxf4 e1=Q 66. Qc4# $1) 65. Qxe2 Nf4 66.
Qd2+ Ke5 67. Qd6+ Ke4 68. Kc4 $18)) 54... Re4 (54... gxf5 55. gxf5 Re4 56. c5
Nd5 57. Qh5+ Kf6 58. Qg6+ Ke5 59. Qd6+ Kd4 60. c6 e2 61. c7 e1=Q 62. Qc5+ Ke5
63. c8=Q Qb4+ $1 $11 (63... Rb4+ 64. Kc6 $18)) 55. Kc6 (55. fxg6+ Kxg6 56. c5
Nd5 57. Qd3 Nf6 {[%cal Ge3e2]} 58. Qe2 Nd5 $11) 55... g5 $1 {[%csl Rg4]} 56. c5
Re7 57. Qc4+ (57. Kb5 Nxg4 58. Qxg4 e2 59. Qh5+ Kf8 60. f6 e1=Q 61. Qh8+ Kf7
62. Qg7+ Ke8 63. fxe7 Qxe7 64. Qxe7+ Kxe7 65. Kb6 g4 $11) 57... Kf8 58. Qe2
Nxg4 59. Qxg4 e2 60. f6 e1=Q 61. fxe7+ Qxe7 62. Qc8+ (62. Qf5+ Ke8 63. Kb6 Qe3
64. Kb7 g4 65. c6 Qb3+ 66. Kc8 g3 67. c7 Qc4 68. Qd7+ Kf8 $14) 62... Kg7 63.
Kb6 Qe3 64. Qf5 Qb3+ 65. Kc7 Qf7+ 66. Qxf7+ Kxf7 1/2-1/2

[Event "Moscow Aeroflot op"]
[Site "Moscow"]
[Date "2002.02.05"]
[Round "1"]
[White "Galliamova, Alisa"]
[Black "Onischuk, Alexander"]
[Result "0-1"]
[WhiteElo "2514"]
[BlackElo "2655"]
[Annotator "Tyomkin,D"]
[PlyCount "121"]
[EventDate "2002.02.04"]
[EventType "swiss"]
[EventRounds "9"]
[EventCountry "RUS"]
[SourceTitle "CBM 088"]
[Source "ChessBase"]
[SourceDate "2002.03.21"]
[SourceVersion "1"]
[SourceVersionDate "2002.03.21"]
[SourceQuality "1"]

1. Nf3 f5 2. g3 Nf6 3. Bg2 g6 4. O-O Bg7 5. d4 O-O 6. b3 d6 7. Bb2 Qe8 8. c4
Na6 9. Qc2 Rb8 10. Re1 {This is not that simple to get an advantage with white
here- this line of black is very tricky!} (10. Nc3 c6 11. d5 (11. Rae1 b5 12.
cxb5 cxb5 13. b4 Bb7 (13... Nxb4 $4 14. Qb3+ {[%cal Rb3b4]}) 14. Qb3+ e6 15.
Nd2 Bxg2 16. Kxg2 Qc6+ 17. e4 d5 18. exf5 (18. e5 Nd7 {[%cal Gd7b6,Yb6c4]})
18... exf5 19. Ne2 Qd6 20. a3 Nc7 {1/2-1/2 Dreev,A-Malaniuk,V/Samara 1998/CBM
67 (20).}) 11... Bd7 12. Rad1 Rc8 13. Qb1 (13. Nd4 Nc7 $132) 13... Nc5 14. b4 (
14. Nd4 e5 $5) 14... Nce4 15. Nxe4 Nxe4 16. Bxg7 Kxg7 17. Nd4 cxd5 18. cxd5 Nc3
19. Qb2 Qf7 (19... Nxd1 $4 20. Nxf5+ {[%cal Rb2g7] Double check!}) 20. Rc1 {
1/2-1/2 Vladimirov,E-Malaniuk,V/Tomsk 2001/CBM 82 ext (20).}) (10. Nbd2 b5 (
10... c6 $5 {ala Onischuk!}) 11. Rfe1 Kh8 12. a3 bxc4 13. Qxc4 Qb5 14. Qxb5
Rxb5 15. e3 $14 {1-0 Cramling,P-Kosteniuk,A/Shenyang 2000/CBM 79 (106). (105)})
10... c6 11. Nbd2 b5 12. a3 Kh8 13. Rac1 Bd7 14. Ba1 {Waiting strategy which
has brought white opening advantage;} (14. cxb5 $5 cxb5 15. e4 Rc8 16. Qd3 fxe4
17. Nxe4 Rxc1 18. Bxc1 $5 {[%cal Re4d6]} (18. Rxc1 Nd5 {[%cal Ga6c7,Gd7f5]})
18... Bf5 19. Nxf6 Bxf6 20. Qe2 $14 {[%cal Gc1g5,Gg5h6,Re2e7]}) 14... bxc4 15.
bxc4 c5 16. d5 $14 Nc7 17. e4 fxe4 18. Nxe4 (18. Bxf6 Bxf6 19. Nxe4 $14 {
[%cal Re4d6]}) 18... Qc8 (18... Qd8 $5 {keeping f6 and e7 under control;}) 19.
Neg5 $6 (19. Bxf6 Bxf6 20. Nxf6 exf6 21. Qc3 $16 {[%cal Ge1e7]}) (19. Nxf6 exf6
20. Nd2 $16 {[%csl Rd6,Rf6][%cal Gd2e4]}) 19... Bf5 20. Qd2 h6 21. Ne6 $2 {
White missed here one nice move which could give an advantage:} (21. Ne4 $1 $16
Bxe4 (21... Nxe4 $4 22. Qxh6+ Kg8 23. Qxg7#) 22. Rxe4 Rf7 23. Re2 $16 {[%csl
Re7,Yg6,Yh6][%cal Gc1e1]}) 21... Nxe6 22. dxe6 g5 {Finally black is ok!} (22...
Bxe6 $2 23. Nh4 $16 {[%csl Rg6]}) 23. Qe3 Qe8 $1 {This monouevre of black
queen to g6 improves black's position and prepares conterplay over the
kingside;} 24. h3 Qg6 25. g4 Bd3 26. Nd2 Qh7 {Clearing g6 spot for the bishop;}
27. Rc3 Bg6 28. Rb3 Rxb3 29. Nxb3 (29. Qxb3 Ne8 $132) 29... Ng8 30. Na5 Rf4 31.
Nc6 a6 32. Nd8 $6 {moving the knight to nowhere and giving up c4 pawn;} (32.
Bd5 Bxa1 33. Rxa1 Qg7 $15 {[%cal Gg8f6]}) 32... Bxa1 33. Rxa1 Rxc4 $15 {
[%csl Gc5,Gd6] Black got passed pawns in the centre and his pieces are activer;
} 34. Nf7+ $2 {Desperation; more resistant was:} (34. Nc6 $142 $15) 34... Bxf7
35. Bd5 Bxe6 36. Bxe6 (36. Bxc4 Bxc4 37. Qc3+ Qg7 {[%cal Gg7a1] and Ra1 is
white's trouble in this line;}) 36... Re4 $19 {Black is just two pawns up and
winning;} 37. Qb3 Qg6 38. Bf7 Qg7 39. Rb1 Rf4 40. Be6 Qd4 {[%csl Yd4,Rf2,Yf4]
Total domination of black pieces;} 41. Qc2 (41. Bxg8 Qxf2+ (41... Rxf2 $19) 42.
Kh1 Rf3 43. Qb2+ Qxb2 44. Rxb2 Kxg8 $19) 41... Qe4 42. Qa2 c4 43. Bf5 Qd4 44.
Rb8 Kg7 45. Qe2 e5 {Black can open his king here- there are no pieces of white
around to create an attack;} 46. Bb1 (46. Rb7+ Kf6 $19 {[%cal Gg8e7]}) 46...
Ne7 47. Re8 Nd5 48. Qc2 e4 49. Kg2 (49. Rxe4 Rxe4 50. Qxe4 Qxe4 51. Bxe4 Nf4
$19 {[%cal Gd6d5,Gd5d4]}) 49... c3 {[%cal Rd4d2]} 50. Rxe4 Rxe4 51. Qxe4 Qxe4+
52. Bxe4 Nf4+ {[%csl Gf4][%cal Gg7f6,Gf6e5] Although black is pawn up only, he
is completely winning- two passed pawns "c" and "d" supported by knight and
king decide the game quickly;} 53. Kf3 {No one cares about h3 pawn;} Kf6 54. h4
Ke5 55. hxg5 hxg5 56. Ke3 d5 57. Bf5 d4+ 58. Kf3 d3 59. Ke3 c2 60. Kd2 Ne2 61.
Ke1 0-1

[Event "Olympiad-34"]
[Site "Istanbul"]
[Date "2000.10.30"]
[Round "3.1"]
[White "Stefansson, Hannes"]
[Black "Fernandes, Antonio ETG"]
[Result "1/2-1/2"]
[WhiteElo "2557"]
[BlackElo "2438"]
[Annotator "Tyomkin,D"]
[PlyCount "71"]
[EventDate "2000.10.28"]
[EventType "team-swiss"]
[EventRounds "14"]
[EventCountry "TUR"]
[SourceTitle "EXT 2001"]
[Source "ChessBase"]
[SourceDate "2000.11.22"]
[SourceVersion "1"]
[SourceVersionDate "2000.11.22"]
[SourceQuality "1"]
[WhiteTeam "Iceland"]
[BlackTeam "Portugal"]
[WhiteTeamCountry "ISL"]
[BlackTeamCountry "POR"]

1. d4 f5 2. g3 Nf6 3. Bg2 g6 4. Nf3 Bg7 5. O-O c6 6. c4 O-O 7. b3 d6 8. Bb2 Ne4
$146 (8... Qc7 {Ribli} 9. Nbd2 Ng4 10. e4 (10. h3 Nh6 11. e4) 10... f4 11. Qc2
(11. h3) 11... fxg3 12. hxg3 e5 13. dxe5 (13. c5 $5) 13... dxe5 14. c5 b5 15.
a4 a5 16. b4 axb4 17. axb5 Rxa1 18. Rxa1 (18. Qc4+ $5) 18... cxb5 19. Qb3+ Kh8
20. Qxb4 Bd7 21. Rc1 Nc6 {Ribli. 0-1 Stohl,I-Agdestein,S/Manila 1990/CBM 19/
[Ribli] (34)}) 9. Nbd2 Nxd2 10. Qxd2 Nd7 11. Ng5 Nf6 12. d5 Bd7 13. h4 {
With the idea to control g5 after h7-h6 Ng5-h3.} (13. e4 $6 h6) 13... Qe8 {
Black moves the queen to the queenside, intending to remove white knight by h6.
} 14. Rae1 h6 15. Nh3 Qf7 16. Bd4 a5 17. Nf4 c5 {[%mdl 512] This move is a
positional sacrifice of the pawn.} 18. Bxf6 {Now white wins a pawn, but black
gets enough compensation for it in position with opposite colour bishops.} (18.
Bb2 a4 $132) 18... Bxf6 19. Ne6 Bxe6 20. dxe6 Qg7 21. Bxb7 Ra7 {[%cal Gf6c3]}
22. Qd5 a4 23. e3 (23. e4 $6 f4 $1) 23... Bc3 ({It takes back a pawn, but
white are getting out with their pieces.} 23... Rb8 24. Bc6 axb3 25. axb3 Rxb3
26. Rb1 $14 {[%cal Gh4h5]}) 24. Rc1 Qe5 {Again black could return the pawn,
but it is too risky.} (24... Rb8 25. Bc6 axb3 26. axb3 Rxb3 27. h5 $14 (27. Rb1
$14)) 25. bxa4 Bb2 (25... Rxa4 26. Rc2 Rb8 27. Bc6 Ra3 {and black has
excellent pieces, which probably makes a balance here.}) 26. Rc2 Rxa4 27. Rb1
Rb4 28. Qxe5 Bxe5 29. Rxb4 cxb4 30. f4 (30. c5 dxc5 31. Rxc5 Bd6 $11 {[%cal
Gg8g7,Gf8b8] And black does not have too many difficulties here.}) 30... Bc3
31. Bd5 {e3-e4 is only way for white to make something in this position:} (31.
e4 Kg7 {[%cal Gg7f6]} 32. exf5 (32. a3 $2 Rb8 {[%cal Gb4b3]}) 32... gxf5 {
[%cal Gg7f6]} (32... Rxf5 {[%cal Gg6g5]})) 31... Rb8 32. Kf2 Kg7 33. Kf3 h5 {
This ending is drawn. a2-a3 break is not possible- black has always b4-b3. On
the kingside white can push e3-e4, and than to take on f5. Black takes with
the pawn in that case, and both pawns, f5 and h5, would be easily protected by
black king. White rook has no normal way to be entered to the game.} 34. Ke2 (
34. e4 Kf6 35. exf5 gxf5 $11) 34... Rb6 35. Kf2 Kf6 36. Ke2 1/2-1/2